| 000 | 00891nam a2200289 a 4500 | ||
|---|---|---|---|
| 008 | |||
| 020 | _a0521568803 (pbk.) | ||
| 049 | _aMAIN | ||
| 090 | _aQC793.5.P58 | ||
| 100 | 1 | _aForshaw, J. R. | |
| 245 | 1 | 0 |
_aQuantum chromodynamics and the pomeron / _cJ. R. Forshaw, D. A. Ross. |
| 260 |
_aCambridge, U.K. : _bCambridge University Press, _c1997. |
||
| 300 |
_axv, 248 p. : _bill. ; _c23 cm. |
||
| 440 | 0 |
_aCambridge lecture notes in physics ; _v9 |
|
| 504 | _aIncludes bibliographical references. | ||
| 500 | _aIncludes index. | ||
| 650 | 0 | _aPomerons. | |
| 650 | 0 | _aQuantum chromodynamics. | |
| 650 | 0 | _aPerturbation (Quantum dynamics). | |
| 650 | 0 | _aRegge theory. | |
| 700 | 1 | _aRoss, D. A. | |
| 907 |
_a.b10012680 _b08-06-05 _c17-04-03 |
||
| 003 | |||
| 005 | 20230123133954.0 | ||
| 040 | _cNUST | ||
| 942 |
_cBOOKS _kQC793.5.P58 |
||
| 999 |
_c157804 _d157804 |
||